Statistics for Translate English to French

Click here to take the quiz!

General Stats

  • This quiz has been taken 50 times
    (42 since last reset)
  • The average score is 24 of 43

Answer Stats

Englishfirst
letter
wordFrench% Correct
boyG1garcon
92%
catC1chat
89%
aroundA2autour de
84%
haveA1avoir
84%
fromD1de
84%
womanF1femme
84%
mouseS1souris
84%
sugarS1sucre
84%
castleC1chateau
82%
beE1être
82%
phoneT1téléphone
82%
JulyJ1juillet
79%
sheepM1mouton
79%
dogC1chien
76%
monthM1mois
76%
foodN1nourriture
76%
lightL1lumière
74%
nobodyP1personne
74%
toyJ1jouet
71%
putM1mettre
71%
hideC1cacher
68%
frontD1devant
68%
laptopO1ordinateur
68%
jumpS1sauter
68%
whaleB1baleine
55%
fieldC1champ
53%
lordS1seigneur
50%
believerC1croyant
47%
moreoverD2de plus
45%
crowdF1foule
34%
highlightS1surligner
29%
typedT1tapé
29%
typhoonT1typhon
29%
coffinC1cercueil
24%
highlyE or T1extrêmement/très
24%
rustR1rouille
24%
gorgeousS1superbe
21%
typewriterM3machine à écrire
18%
markerB1balise
5%
typesetC1composer
5%
glimpseE1entrevoir
0%
nabP1piquer
0%
fidgetR1remuer
0%

Score Distribution

Percentile by Number Answered

Percent of People with Each Score

Your Score History

You have not taken this quiz since the last reset